LEADER 01740oam 2200385 a 450 001 9910698923503321 005 20090720150906.0 035 $a(CKB)5470000002398644 035 $a(OCoLC)401704116 035 $a(EXLCZ)995470000002398644 100 $a20090617d2009 ua 0 101 0 $aeng 135 $aurmn||||||||| 181 $ctxt$2rdacontent 182 $cc$2rdamedia 183 $acr$2rdacarrier 200 10$aDefense acquisitions$b[electronic resource] $eissues to be considered for Army's modernization of combat systems : testimony before the Subcommittee on Airland, Committee on Armed Services, U.S. Senate /$fstatement of Paul L. Francis 210 1$a[Washington, D.C.] :$cU.S. Govt. Accountability Office,$d[2009] 215 $a14 pages $cdigital, PDF file 225 1 $aTestimony ;$vGAO-09-793T 300 $aTitle from title screen (viewed on June 17, 2009). 300 $a"For release ... June 16, 2009." 320 $aIncludes bibliographical references. 330 $aReviews aspects of the Future Combat System (FCS) that should be considered for inclusion in future efforts to lower risk and address more near-term needs, aspects of FCS implementation that have proven problematic and require re-examination, and considerations for shaping future Army ground force modernization. 517 $aDefense acquisitions 700 $aFrancis$b Paul L$01380678 712 02$aUnited States.$bCongress.$bSenate.$bCommittee on Armed Services.$bSubcommittee on AirLand. 712 02$aUnited States.$bGovernment Accountability Office. 801 0$bAWC 801 1$bAWC 801 2$bGPO 906 $aBOOK 912 $a9910698923503321 996 $aDefense acquisitions$93422631 997 $aUNINA